Recreation in industry (Record no. 370321)

000 -LEADER
fixed length control field 00437cam a22001577a 4500
008 - FIXED-LENGTH DATA ELEMENTS--GENERAL INFORMATION
fixed length control field 180718b1949 xxu||||| |||| 00| 0 eng d
082 ## - DEWEY DECIMAL CLASSIFICATION NUMBER
Classification number OA9 In2
245 ## - TITLE STATEMENT
Title Recreation in industry
Statement of responsibility, etc. by Industrial Welfare Society
250 ## - EDITION STATEMENT
Edition statement 2nd ed.
260 ## - PUBLICATION, DISTRIBUTION, ETC.
Place of publication, distribution, etc. London
Name of publisher, distributor, etc. Industrial Welfare Society
Date of publication, distribution, etc. 1949
300 ## - PHYSICAL DESCRIPTION
Extent 72p.
500 ## - GENERAL NOTE
General note 3/-
650 ## - SUBJECT ADDED ENTRY--TOPICAL TERM
Topical term or geographic name entry element Employee Recreation Programmes
650 ## - SUBJECT ADDED ENTRY--TOPICAL TERM
Topical term or geographic name entry element Clubs
700 ## - ADDED ENTRY--PERSONAL NAME
Personal name Industrial Welfare Society
Holdings
Withdrawn status Lost status Damaged status Not for loan Permanent Location Current Location Date acquired Full call number Barcode Date last seen Price effective from Koha item type
        Indian Institute of Public Administration Indian Institute of Public Administration 1994-06-04 OA9 In2 8210 2018-07-21 2018-07-21 Book

Powered by Koha